000
00357nam a2200169Ia 4500
100
_a
Devaraj/S
650
_a
Philosophy
942
_c
BK
366
_f
25
654
_a
happiness
245
_a
Your happiness is in you
260
_b
Better Yourself Books
_a
Bandra
_c
2005
082
_a
170/DEV
_b
DEV
300
_a
128
546
_a
ENGLISH
999
_c
26282
_d
26282